Регионална библиотека "Любен Каравелов" - Русе

Зимни вечери (Запис номер 96733)

MARC детайли
000 -Лидер
Контролно поле с фиксирана дължина 01580nam a2200349 c 4500
003 - Код на организацията, давaща контролен номер
Контролно поле BLK
005 - Дата и час на последна редакция
Контролно поле 20250718141654.0
008 - Елементи от данни с фиксирана дължина
fixed length control field 180409b bul|||||r ||||||| ||bul||
010 ## - Наследен системен номер
LC control number KNG00101633000
020 ## - Международен стандартен номер на книга ISBN
Международен стандартен номер на книга ISBN 954-426-317-9
-- издат.: Анубис
040 ## - Източник на каталожния запис
Идентификатор на билиотеката - собственик на записа BLK
041 ## - Код за език
Код за езика на текст/звукозапис или на отделно заглавие Български
Код за езика КДБФ Български
080 ## - УДК
Текстов определител УДК Българска литература
УДК код - определител по УДК 821.163.2
УДК определител -1
УДК - код + определител 821.163.2-1
080 ## - УДК
Текстов определител УДК Българска литература
УДК код - определител по УДК 821.163.2
УДК определител -3
УДК - код + определител 821.163.2-3
100 ## - Редна дума - Автор
Автор Смирненски, Христо
Дати, свързани с автора 1898 - 1933
Автор - информация (биография) Български писател, журналист
Пълна форма на името Измирлиев, Христо Димитров
R(LIN) 373184
139 ## - Редно поле
Редна дума Смирненски, Христо
Авторски знак Сми - С 47
245 10 - Сведения за заглавието
Заглавие Зимни вечери
Редно поле (дума) Христо Смирненски; състав. и предг. от Валери Стоилов Стефанов.
257 ## - Страна на издаване
Страна на създаване/издаване България
260 ## - Област на издателските данни
-- София
Име на издателя, разпространителя и проч. Анубис
Година на издаване 2001
Печатница София : Инвестпрес АД
300 ## - Физическа характеристика
Страници 158 с.
Размери/Мащаб 20 см
380 ## - Жанр
Жанр Худож. лит.
490 1# - СЕРИИ (Колекции)
Име на серия Българският канон
500 ## - Общи забележки
Забележка Офс. изд. - Съдържа и Критически фрагменти ; Житейски и творчески портрет.
653 ## - Ключова дума – ненормативна
Ключова дума стихотворения
700 1# - Други автори (авторска отговорност)
Лично име Стефанов, Валери Стоилов
Автороска отговорност (Описва отношението между автора и произведението) състав. и предг. от
9 (RLIN) 366828
852 ## - Местоположение
Форматна сигнатура Цб 211703
856 4# - Електронен адрес и достъп
Електронен формат pdf - файл
Път до файла /url/
856 4# - Електронен адрес и достъп
Електронен формат pdf - файл
Път до файла /url/
942 ## - АРТИКУЛИ
Вид на библиотечния материал Книги
Скрит в OPAC Не
Koha issues (borrowed), all copies 7
944 ## - СЪЗДАВАНЕ И РЕДАКЦИЯ на ЗАПИСА
Създаване/Редакция Създаване
Дата на регистрацията/редакция 01.01.2001
Служител, извършил регистрацията/редакцията 30575
Статус, дата на статуса Мартин Енчев
944 ## - СЪЗДАВАНЕ И РЕДАКЦИЯ на ЗАПИСА
Създаване/Редакция Редакция
Дата на регистрацията/редакция 17.01.2017
Служител, извършил регистрацията/редакцията Виолета_Тройчева
999 ## - СИСТЕМНИ КОНТРОЛНИ НОМЕРА
Koha biblionumber 96733
Koha biblioitemnumber 96733
Наличности
Код за отписване Код за изгубен артикул Код за повреда Коз за рестрикции Код за отдаване Артикулен № Име на библиотеката - собственик Име на библиотеката, в която се намира в момента Статус (Текущо местоположение) Дата на вписване в системата Местоположение - отдел Цена в лева Инвентарен номер Систематично азбучна сигнатура Баркод Номер на екземпляра Цена в евро Служебна бележка Служебен тип на артикула Източник на класификационната схема
  Не е изгубен Не е повреден без рестрикции ползва се в читалня 155213 Регионална библиотека "Любен Каравелов" Русе Регионална библиотека "Любен Каравелов" Русе Хранилище 2002-05-31 Хранилище 3.40 120000670217 Цб 211703 120000670217 1 1.74 Дост: Dp Вид: Д N: 50 Дата: 05.12.2001 Книги  
  Не е изгубен Не е повреден без рестрикции заемане за дома 155214 Регионална библиотека "Любен Каравелов" Русе Регионална библиотека "Любен Каравелов" Русе Заемна - подръчен фонд 2003-11-05 Заемна - подръчен фонд 3.40 120000679665 П 886.7-1/С 47 120000679665 2 1.74 Дост: DA Вид: А N: 25 Дата: 05.11.2003 Дата инв: 15.02.2018 Бележки инв: П2018 Книги  
Изтеглен Не е изгубен Не е повреден без рестрикции заемане за дома 155215 Регионална библиотека "Любен Каравелов" Русе Регионална библиотека "Любен Каравелов" Русе Заемна - подръчен фонд 2003-11-05 Заемна - подръчен фонд 3.40 120000679666 П 886.7-1/С 47 120000679666 3 1.74 Дост: DA Вид: А N: 25 Дата: 05.11.2003 Дата инв: 15.02.2018 Бележки инв: П2018 Книги Universal Decimal Classification
Vip Innovations Ltd, Rousse, Bulgaria 2025